| Record ID | ia:sunsetitaliancoo0000edit |
| Source | Internet Archive |
| Download MARC XML | https://archive.org/download/sunsetitaliancoo0000edit/sunsetitaliancoo0000edit_marc.xml |
| Download MARC binary | https://www.archive.org/download/sunsetitaliancoo0000edit/sunsetitaliancoo0000edit_meta.mrc |
LEADER: 00755cam 2200265Ma 4500
001 on1023788319
003 OCoLC
005 20190305045419.0
008 990303s1977 cau 000 0 eng d
010 $a 72077139
040 $aVBO$beng$cVBO$dOCLCQ
020 $a0376024623
020 $a9780376024626
035 $a(OCoLC)1023788319
100 1 $aEditors of Sunset Books.
245 10 $aSunset Italian Cook Book.
260 $aMenlo Park, CA :$bLane Publishing Co.,$c1977.
300 $a96 pages
336 $atext$btxt$2rdacontent
337 $aunmediated$bn$2rdamedia
338 $avolume$bnc$2rdacarrier
650 7 $acookbook$zItalian.$2sears
650 7 $aItalian cooking.$2sears
994 $aZ0$bP4A
948 $hNO HOLDINGS IN P4A - 1 OTHER HOLDINGS